Dans quelle école a étudié ce personnage de fiction ? - Statistiques

Statistiques générales
  • Ce quiz a été pris 9 fois
  • Le résultat moyen est 4 sur 26
Statistiques - réponses
Personnage de fiction Univers Nom de l'école % Correct
Harry Potter Harry Potter Poudlard
100%
Izuku Midoriya My Hero Academia Lycée Yuei
63%
Ethan Nakamura Shuriken School Shuriken School
63%
Yuji Itadori Jujutsu Kaisen Ecole d'exorcisme de Tokyo
38%
Mark Evans Inazuma Eleven Collège Raimon
25%
Bart Simpson Les Simpson Cours élémentaire de Springfield
25%
Naruto Uzumaki Naruto Académie Ninja de Konoha
13%
Scott McCall Teen Wolf Beacon Hills Highschool
13%
Bella Swan Twilight Lycée de Forks
13%
Marty McFly Retour vers le Futur Lycée de Hill Valley
13%
Buffy Summers Buffy contre les vampires Lycée Sunnydale
13%
Bloom Winx Club Université d'Alféa
13%
Max Caulfield Life Is Strange Académie Blackwell
0%
Mash Burnedead Mashle Académie de magie d'Easton
0%
Todd Anderson Le Cercle des Poètes dispaurs Académie de Welton
0%
Dustin Henderson Stranger Things Collège d'Hawkins
0%
Jeremie Belpois Code Lyoko Collège Kadic
0%
Jaden Yuki Yu-Gi-Oh! GX Duel Académie
0%
Lebrac La Guerre des boutons Ecole communale de Longeverne
0%
Ducobu L'élève Ducobu Ecole primaire de Saint-Potache
0%
Tag Foot 2 Rue Institut Riffler
0%
Clay Jensen 13 Reasons Why Lycée Liberty
0%
Serena van der Woodsen Gossip Girl Lycée privé pour filles Constance Billard
0%
Danny Zuko Grease Lycée Rydell High
0%
Lucas Scott Les Frères Scott Lycée Tree Hill
0%
Bob Razowski Monstres Academy Monstres Université
0%
Aucun quiz correspondant
Distribution des résultats
% des personnes avec chaque résultat
Percentile par nombre de réponses
Votre historique - résultats
Vous n’avez pas pris ce quiz